000 01033cam a22003614a 4500
001 15966687
003 OSt
005 20140310183107.0
008 091029s2009 ph 001 0 eng
010 _a 2009516471
020 _a9789712352829
040 _aDLC
_cDLC
042 _alcode
043 _aa-ph---
050 0 0 _aKF5624
_b.D278 2009
082 _aFIL 336.2012
_bD37 2009
100 1 _aDe Leon, Hector M.
245 1 4 _aThe fundamentals of taxation /
_cDe Leon, Hector S., De Leon, Jr., Hector M.
260 _aManila, Philippines
_bRex Book Store
_c2009
300 _a437 p.
_c23 cm.
500 _aIncludes index.
521 _aCollege
526 _c1210L-1700L
541 _j1
541 _j2
562 _e2 copies in the collection
650 0 _aTaxation
_xLaw and legislation
_zPhilippines.
650 0 _aTaxation
_zPhilippines.
700 1 _aDe Leon, Hector M.
906 _a7
_bcbc
_corigode
_d2
_encip
_f20
_gy-gencatlg
942 _2lcc
_cBK
_kFIL
999 _c18794
_d18794